Größte Flughäfen weltweit - Statistiken

Allgemein
  • Dieses Quiz wurde 104 mal gespielt
  • Das Durchschnittsergebnis liegt bei 7 aus 10
Antwortstatistiken
Anzahl Flughafen % Korrekt
75,05 Millionen London (LHR)
87%
72,21 Millionen Paris (CDG)
81%
77,84 Millionen Los Angeles (LAX)
79%
104,65 Millionen Atlanta (ATL)
78%
76,03 Millionen Istanbul (IST)
71%
78,72 Millionen Dubai (DXB)
66%
79,18 Millionen Chicago (ORD)
63%
86,99 Millionen Dallas/Fort Worth (DFW)
48%
73,89 Millionen New Delhi (DEL)
44%
81,76 Millionen Denver (DEN)
35%
Keine übereinstimmenden Quizze gefunden
Verteilung der Resultate
Anzahl Personen mit jedem Resultat
Perzentil nach korrekt beantworteten Fragen
Ihre Resultats-Entwicklung
Sie haben dieses Quiz noch nicht gespielt